| 000 | 00490nam a22001697a 4500 | ||
|---|---|---|---|
| 999 |
_c17844 _d17844 |
||
| 008 | 190718b xxu||||| |||| 00| 0 eng d | ||
| 020 | _a03304566920 | ||
| 040 |
_aKABU _cKABU |
||
| 050 |
_aPR6056 _b.F65 2008 c. 1 |
||
| 100 | _aFollett, Ken | ||
| 245 |
_aWorld without end _cKen Follett |
||
| 260 |
_aLondon _bPan Books _c2008 |
||
| 300 | _a1237 p. | ||
| 650 |
_aBlack death _xFiction _zEngland |
||
| 650 |
_aGreat Britain _xHistory _xFiction _y14th century |
||
| 942 |
_2lcc _cBK _hPR6056 |
||